<?xml version="1.0" encoding="UTF-8"?>
<record
    xmlns:xsi="http://www.w3.org/2001/XMLSchema-instance"
    xsi:schemaLocation="http://www.loc.gov/MARC21/slim http://www.loc.gov/standards/marcxml/schema/MARC21slim.xsd"
    xmlns="http://www.loc.gov/MARC21/slim">

  <leader>00432nam a2200145Ia 4500</leader>
  <controlfield tag="008">230718s9999    xx            000 0 und d</controlfield>
  <datafield tag="041" ind1=" " ind2=" ">
    <subfield code="a">eng</subfield>
  </datafield>
  <datafield tag="082" ind1=" " ind2=" ">
    <subfield code="a">005.678</subfield>
    <subfield code="b">SAN</subfield>
  </datafield>
  <datafield tag="100" ind1=" " ind2=" ">
    <subfield code="a">Sangeetha K.(Editor)</subfield>
    <subfield code="9">144740</subfield>
  </datafield>
  <datafield tag="245" ind1=" " ind2=" ">
    <subfield code="a">Google's Growth</subfield>
    <subfield code="b">A Success Story</subfield>
  </datafield>
  <datafield tag="260" ind1=" " ind2=" ">
    <subfield code="b">Icfai Books</subfield>
  </datafield>
  <datafield tag="365" ind1=" " ind2=" ">
    <subfield code="c">Rs.</subfield>
    <subfield code="b">450.00</subfield>
  </datafield>
  <datafield tag="700" ind1=" " ind2=" ">
    <subfield code="a">Sangeetha K.(Editor) &amp; Sivaralodhanavel P.(Editor)</subfield>
    <subfield code="9">189880</subfield>
  </datafield>
  <datafield tag="906" ind1=" " ind2=" ">
    <subfield code="d">B:107080145308-Feb-2008</subfield>
    <subfield code="c">IT</subfield>
    <subfield code="b">90</subfield>
  </datafield>
  <datafield tag="999" ind1=" " ind2=" ">
    <subfield code="c">318428</subfield>
    <subfield code="d">318428</subfield>
  </datafield>
  <datafield tag="952" ind1=" " ind2=" ">
    <subfield code="0">0</subfield>
    <subfield code="1">0</subfield>
    <subfield code="4">0</subfield>
    <subfield code="7">0</subfield>
    <subfield code="a">CCEP</subfield>
    <subfield code="b">CCEP</subfield>
    <subfield code="d">2008-03-04</subfield>
    <subfield code="e">Varma Book Distributors</subfield>
    <subfield code="f">IT</subfield>
    <subfield code="g">360.00</subfield>
    <subfield code="i">1070801453</subfield>
    <subfield code="l">0</subfield>
    <subfield code="o">005.678</subfield>
    <subfield code="p">CCEP-BK-29635</subfield>
    <subfield code="r">2023-07-18 00:00:00</subfield>
    <subfield code="t">90</subfield>
    <subfield code="v">450.00</subfield>
    <subfield code="w">2008-02-08</subfield>
    <subfield code="y">BK</subfield>
    <subfield code="z">029635</subfield>
  </datafield>
</record>
